[Event "39 Open Internacional de San Sebastian"]
[Site "Donostia - San Sebastian"]
[Date "2016.03.19"]
[Round "1"]
[Board "8"]
[White "ZULOAGA ERAUSKIN, Markel"]
[Black "SKOMOROKHIN, Roman"]
[Result "0-1"]
[WhiteElo "1827"]
[BlackElo "2410"]
[PlyCount "0"]
[EventDate "2016.03.19"]
[EventRounds "9"]
[EventCountry "ESP"]

1. d4 Nf6 2. Nf3 d5 3. e3 e6 4. Bd3 c5 5. c3 Nbd7 6. Nbd2 Bd6 7. O-O O-O 8. Re1
h6 9. e4 dxe4 10. Nxe4 Nxe4 11. Bxe4 Nf6 12. Bc2 b6 13. Be3 Bb7 14. dxc5 bxc5 15.
Qe2 Qc7 16. h3 Rad8 17. Red1 Nd5 18. Qd3 f5 19. Qe2 Rf6 20. Bb3 Rc8 21. Rd2 f4
22. Rad1 fxe3 23. fxe3 c4 24. Bc2 Rcf8 25. Kh1 Bc5 26. Qxc4 Nxe3 27. Qd3 Nxc2 28.
Qxc2 Rxf3 0-1

[Event "39 Open Internacional de San Sebastian"]
[Site "Donostia - San Sebastian"]
[Date "2016.03.19"]
[Round "1"]
[Board "9"]
[White "VALDES ROMERO, Leonardo"]
[Black "MANTEROLA UBILLOS, Josu"]
[Result "1-0"]
[WhiteElo "2375"]
[BlackElo "1791"]
[PlyCount "0"]
[EventDate "2016.03.19"]
[EventRounds "9"]
[EventCountry "ESP"]

1. Nf3 d5 2. g3 g6 3. Bg2 Bg7 4. d4 Nf6 5. O-O O-O 6. c4 c6 7. Qb3 Qb6 8. Nc3 Bf5
9. h3 Nbd7 10. g4 Qxb3 11. axb3 Bc2 12. Ra3 h6 13. Ne1 Be4 14. f3 Bxf3 15. exf3
Rfe8 16. Nc2 e5 17. dxe5 Nxe5 18. cxd5 Nxd5 19. Rd1 Rad8 20. Nxd5 Rxd5 21. Rxd5
cxd5 22. Be3 Nd3 23. Bf1 Ne1 24. Nxe1 Rxe3 25. Kf2 Re6 26. Nc2 Rc6 27. Bd3 Bxb2
28. Ra5 Rc3 29. Rxd5 Rxb3 30. Rd7 a5 31. Bc4 Rc3 32. Bxf7+ Kf8 33. Nd4 Rc6 34.
Nxc6 1-0

[Event "39 Open Internacional de San Sebastian"]
[Site "Donostia - San Sebastian"]
[Date "2016.03.19"]
[Round "1"]
[Board "10"]
[White "RODRIGUEZ BERNAL, Herman"]
[Black "POGORELOV, Ruslan"]
[Result "0-1"]
[WhiteElo "1783"]
[BlackElo "2347"]
[PlyCount "0"]
[EventDate "2016.03.19"]
[EventRounds "9"]
[EventCountry "ESP"]

1. d4 {[%clk 1:30:02]} Nf6 {[%clk 1:30:52]} 2. c4 {[%clk 1:29:52]} e6
{[%clk 1:31:16]} 3. Nc3 {[%clk 1:28:11]} Bb4 {[%clk 1:31:36]} 4. Qc2
{[%clk 1:27:47]} O-O {[%clk 1:31:52]} 5. Bg5 {[%clk 1:28:05]} d6 {[%clk 1:29:29]}
6. e3 {[%clk 1:20:52]} Nbd7 {[%clk 1:29:44]} 7. Bd3 {[%clk 1:18:52]} h6
{[%clk 1:30:04]} 8. Bh4 {[%clk 1:17:43]} e5 {[%clk 1:29:47]} 9. a3
{[%clk 1:15:42]} Bxc3+ {[%clk 1:30:05]} 10. bxc3 Re8 {[%clk 1:26:45]} 11. Bh7+
{[%clk 1:08:18]} Kh8 {[%clk 1:27:06]} 12. Bf5 {[%clk 1:07:56]} Nf8
{[%clk 1:23:56]} 13. Ne2 {[%clk 1:02:22]} Be6 {[%clk 1:16:50]} 14. Bxe6
{[%clk 0:56:24]} Rxe6 {[%clk 1:13:14]} 15. d5 {[%clk 0:45:29]} Re8
{[%clk 1:13:35]} 16. O-O {[%clk 0:40:03]} Ng6 {[%clk 1:13:48]} 17. Bxf6
{[%clk 0:36:14]} Qxf6 {[%clk 1:14:03]} 18. Ng3 {[%clk 0:36:22]} Qh4
{[%clk 1:04:39]} 19. Qf5 {[%clk 0:24:06]} Kg8 {[%clk 1:02:27]} 20. Rab1
{[%clk 0:16:46]} b6 {[%clk 1:02:47]} 21. Ne4 {[%clk 0:13:03]} Ne7
{[%clk 1:02:29]} 22. Qf3 {[%clk 0:13:30]} f5 {[%clk 1:02:22]} 23. Nd2
{[%clk 0:13:54]} Rf8 {[%clk 0:56:52]} 24. Qg3 {[%clk 0:13:55]} Qf6
{[%clk 0:56:20]} 25. f4 {[%clk 0:13:57]} e4 {[%clk 0:56:01]} 26. Rb3
{[%clk 0:14:11]} c6 {[%clk 0:56:06]} 27. Rd1 {[%clk 0:13:23]} Rac8
{[%clk 0:55:33]} 28. Qe1 {[%clk 0:12:26]} Qf7 {[%clk 0:53:04]} 29. dxc6 Nxc6
{[%clk 0:53:10]} 30. Rb5 {[%clk 0:10:50]} Na5 {[%clk 0:52:54]} 31. Qg3
{[%clk 0:08:16]} Qf6 {[%clk 0:52:17]} 32. Rd5 {[%clk 0:08:06]} Rc5
{[%clk 0:47:53]} 33. Nxe4 {[%clk 0:08:11]} fxe4 {[%clk 0:48:14]} 34. Rxd6
{[%clk 0:08:35]} Qxc3 {[%clk 0:47:53]} 35. Rxh6 {[%clk 0:08:06]} Rc6
{[%clk 0:44:34]} 36. Rxc6 {[%clk 0:03:48]} Nxc6 {[%clk 0:44:49]} 37. Rd7
{[%clk 0:03:50]} Rd8 {[%clk 0:41:11]} 38. Rxd8+ {[%clk 0:03:22]} Nxd8
{[%clk 0:41:31]} 39. h4 {[%clk 0:03:38]} Qxc4 {[%clk 0:41:25]} 40. Qg6
{[%clk 0:03:43]} Nf7 {[%clk 0:41:00]} 41. Qg3 {[%clk 0:02:48]} Qc1+
{[%clk 0:40:34]} 42. Kf2 {[%clk 0:02:49]} Qxa3 {[%clk 0:40:47]} 43. Qg4
{[%clk 0:02:52]} Qe7 {[%clk 0:38:31]} 44. h5 {[%clk 0:02:24]} Nh6
{[%clk 0:37:45]} 45. Qc8+ {[%clk 0:02:48]} Kh7 {[%clk 0:37:21]} 46. Qc6
{[%clk 0:02:27]} Qh4+ {[%clk 0:37:04]} 47. Kf1 {[%clk 0:02:33]} Qh1+
{[%clk 0:35:59]} 48. Ke2 {[%clk 0:02:38]} Qxg2+ {[%clk 0:35:43]} 49. Kd1
{[%clk 0:02:43]} Qh1+ {[%clk 0:35:47]} 50. Kc2 {[%clk 0:02:55]} Qxh5
{[%clk 0:36:03]} 51. Qxe4+ {[%clk 0:02:31]} Qf5 {[%clk 0:36:17]} 52. Qxf5+
{[%clk 0:01:59]} Nxf5 {[%clk 0:36:35]} 53. e4 {[%clk 0:02:28]} Ng3
{[%clk 0:36:53]} 54. e5 {[%clk 0:02:22]} Kg6 {[%clk 0:37:14]} 55. Kd3
{[%clk 0:02:35]} Kf5 {[%clk 0:37:32]} 56. Kc4 Kxe5 57. Kd4+ 0-1

[Event "39 Open Internacional de San Sebastian"]
[Site "Donostia - San Sebastian"]
[Date "2016.03.20"]
[Round "2"]
[Board "6"]
[White "PAUNOVIC, Dragan"]
[Black "JUEZ VILLAR, Erik"]
[Result "1-0"]
[WhiteElo "2427"]
[BlackElo "2001"]
[PlyCount "0"]
[EventDate "2016.03.19"]
[EventRounds "9"]
[EventCountry "ESP"]

1. c4 {[%clk 1:30:50]} Nf6 {[%clk 1:30:56]} 2. g3 {[%clk 1:30:40]} e5
{[%clk 1:29:59]} 3. Bg2 {[%clk 1:31:00]} d5 {[%clk 1:30:26]} 4. cxd5
{[%clk 1:30:54]} Nxd5 {[%clk 1:30:54]} 5. Nf3 {[%clk 1:30:37]} Nc6
{[%clk 1:31:20]} 6. O-O {[%clk 1:30:44]} Be6 {[%clk 1:31:32]} 7. d4
{[%clk 1:25:26]} exd4 {[%clk 1:30:01]} 8. Nxd4 {[%clk 1:25:30]} Nxd4
{[%clk 1:29:31]} 9. Qxd4 {[%clk 1:25:53]} c6 {[%clk 1:26:39]} 10. Nc3
{[%clk 1:21:26]} Qb6 {[%clk 1:01:20]} 11. Qe5 {[%clk 1:10:15]} Nxc3
{[%clk 0:57:58]} 12. Qxc3 {[%clk 1:10:28]} Qc5 {[%clk 0:55:42]} 13. Be3
{[%clk 1:10:14]} Qxc3 {[%clk 0:46:28]} 14. bxc3 {[%clk 1:10:23]} Bc4
{[%clk 0:45:47]} 15. Rab1 {[%clk 1:01:00]} O-O-O {[%clk 0:34:39]} 16. Bxa7
{[%clk 0:54:08]} Rd2 {[%clk 0:27:59]} 17. a4 {[%clk 0:52:38]} Bd6
{[%clk 0:20:26]} 18. Bh3+ {[%clk 0:49:56]} Be6 {[%clk 0:17:59]} 19. Bxe6+
{[%clk 0:50:17]} fxe6 {[%clk 0:18:25]} 20. Rfd1 {[%clk 0:50:37]} Rxd1+
{[%clk 0:18:52]} 21. Rxd1 {[%clk 0:50:58]} Be5 {[%clk 0:17:00]} 22. c4
{[%clk 0:51:02]} Bc7 {[%clk 0:13:26]} 23. e4 {[%clk 0:49:25]} g5 {[%clk 0:11:29]}
24. h3 {[%clk 0:48:18]} h5 {[%clk 0:11:34]} 25. Kg2 {[%clk 0:48:16]} g4
{[%clk 0:07:21]} 26. Be3 {[%clk 0:48:31]} Rg8 {[%clk 0:04:32]} 27. Rh1
{[%clk 0:47:57]} Rg7 {[%clk 0:02:36]} 28. hxg4 {[%clk 0:47:16]} hxg4
{[%clk 0:02:54]} 29. Rh5 {[%clk 0:45:37]} Bd8 {[%clk 0:02:40]} 30. Rh8
{[%clk 0:42:40]} Kc7 {[%clk 0:01:38]} 31. Bf4+ {[%clk 0:39:29]} Kd7
{[%clk 0:02:02]} 32. Be5 {[%clk 0:39:42]} Rg6 {[%clk 0:02:16]} 33. Rh7+
{[%clk 0:31:45]} Be7 {[%clk 0:00:50]} 34. Bd4 {[%clk 0:29:00]} Kd8
{[%clk 0:00:40]} 35. Bb6+ {[%clk 0:28:10]} Ke8 {[%clk 0:01:04]} 36. Rh8+
{[%clk 0:28:21]} Kd7 {[%clk 0:00:33]} 37. Rb8 {[%clk 0:28:25]} c5
{[%clk 0:01:02]} 38. a5 {[%clk 0:28:14]} Kc6 {[%clk 0:00:53]} 39. Rc8+
{[%clk 0:28:02]} Kd6 {[%clk 0:01:08]} 40. Rc7 {[%clk 0:26:34]} Kd5
{[%clk 0:00:04]} 1-0

[Event "39 Open Internacional de San Sebastian"]
[Site "Donostia - San Sebastian"]
[Date "2016.03.20"]
[Round "2"]
[Board "8"]
[White "MARTINEZ FERNANDEZ, Adrian"]
[Black "VALDES ROMERO, Leonardo"]
[Result "0-1"]
[WhiteElo "1999"]
[BlackElo "2375"]
[PlyCount "0"]
[EventDate "2016.03.19"]
[EventRounds "9"]
[EventCountry "ESP"]

1. e4 d6 2. d4 Nf6 3. f3 g6 4. Be3 a6 5. Qd2 Nbd7 6. Ne2 b5 7. g4 h6 8. Ng3 Bb7
9. a4 c6 10. h4 h5 11. g5 Nh7 12. f4 Bg7 13. f5 c5 14. Be2 cxd4 15. Bxd4 Be5 16.
Bxe5 Nxe5 17. fxg6 fxg6 18. Rf1 bxa4 19. Nc3 Rf8 20. Rxf8+ Nxf8 21. Nxh5 gxh5 22.
Bxh5+ Kd7 23. Nxa4 Bc6 24. Qd4 Ne6 25. Nb6+ Kc7 26. Nxa8+ Qxa8 27. Qf2 Nc5 28.
Be2 Qb8 29. Qd4 Qh8 30. O-O-O Qxh4 31. g6 Qg5+ 32. Kb1 Qxg6 33. b4 Nb7 34. Bxa6
Qxe4 35. Qc3 Qf3 36. Qd4 Qa3 37. b5 Nc5 38. Re1 Bxb5 39. Bxb5 Qa5 40. Rxe5 Qxb5+
41. Kc1 dxe5 42. Qxe5+ Kd8 43. Qh8+ Kd7 44. Qd4+ Kc8 45. Qg4+ Kb7 46. Qf3+ Qc6
47. Qh3 Qf6 48. Qg2+ Qc6 49. Qg7 Qe4 50. Kb1 Na4 51. Qg1 Nc3+ 52. Ka1 Qa4+ 53.
Kb2 Qb4+ 0-1

[Event "39 Open Internacional de San Sebastian"]
[Site "Donostia - San Sebastian"]
[Date "2016.03.20"]
[Round "2"]
[Board "9"]
[White "POGORELOV, Ruslan"]
[Black "MARTIN IRIBAR, Ander"]
[Result "1-0"]
[WhiteElo "2347"]
[BlackElo "1974"]
[PlyCount "0"]
[EventDate "2016.03.19"]
[EventRounds "9"]
[EventCountry "ESP"]

1. Nf3 c5 2. c4 g6 3. e4 Bg7 4. d4 cxd4 5. Nxd4 Nc6 6. Be3 d6 7. Be2 Nh6 8. Nc3
O-O 9. Qd2 Ng4 10. Bxg4 Bxg4 11. O-O Nxd4 12. Bxd4 Be6 13. b3 Qa5 14. Bxg7 Kxg7
15. Qd4+ Qe5 16. Qxe5+ dxe5 17. Rfd1 Rfc8 18. f3 Kf8 19. Kf2 Rab8 20. Ke3 Ke8 21.
Rd3 Rc5 22. g4 h6 23. h4 a6 24. a4 Rd8 25. Rxd8+ Kxd8 26. Rd1+ Ke8 27. Kd3 f6 28.
Ra1 b6 29. Nd5 Bxd5 30. exd5 a5 31. h5 g5 32. Ke4 Kf7 33. Rd1 Rc8 34. Rd3 Rd8 35.
Ke3 Ke8 36. Rd2 Kd7 37. Ke4 Kd6 38. Kf5 Rg8 39. Rb2 Kc5 40. Ke6 Rg7 41. Rd2 Kb4
42. Rd3 Ka3 43. d6 exd6 44. Kxf6 Rd7 45. Kg6 Kb2 46. Kxh6 Kc2 47. Re3 Kd2 48. Re4
Rf7 49. Kxg5 Rxf3 50. h6 Rxb3 51. Kg6 1-0

[Event "39 Open Internacional de San Sebastian"]
[Site "Donostia - San Sebastian"]
[Date "2016.03.20"]
[Round "2"]
[Board "11"]
[White "NAVA PEREDA, Carlos"]
[Black "GARRO BERAZA, Julen"]
[Result "0-1"]
[WhiteElo "2268"]
[BlackElo "1962"]
[PlyCount "0"]
[EventDate "2016.03.19"]
[EventRounds "9"]
[EventCountry "ESP"]

1. Nf3 {[%clk 1:30:53]} Nf6 {[%clk 1:30:50]} 2. c4 {[%clk 1:30:53]} g6
{[%clk 1:31:07]} 3. Nc3 {[%clk 1:31:05]} Bg7 {[%clk 1:31:26]} 4. e4
{[%clk 1:31:17]} d6 {[%clk 1:31:39]} 5. d4 {[%clk 1:31:30]} O-O {[%clk 1:31:58]}
6. Be2 {[%clk 1:31:37]} e5 {[%clk 1:32:14]} 7. O-O {[%clk 1:31:26]} Nc6
{[%clk 1:32:29]} 8. d5 {[%clk 1:31:41]} Ne7 {[%clk 1:32:51]} 9. b4
{[%clk 1:31:53]} Nh5 {[%clk 1:32:41]} 10. g3 {[%clk 1:31:10]} f5 {[%clk 1:29:33]}
11. Ng5 {[%clk 1:30:26]} Nf6 {[%clk 1:28:57]} 12. Bf3 {[%clk 1:30:03]} c6
{[%clk 1:24:22]} 13. Be3 {[%clk 0:53:54]} cxd5 {[%clk 1:18:08]} 14. cxd5
{[%clk 0:51:55]} h6 {[%clk 1:14:55]} 15. Ne6 {[%clk 0:50:25]} Bxe6
{[%clk 1:15:17]} 16. dxe6 {[%clk 0:50:51]} fxe4 {[%clk 1:14:03]} 17. Nxe4
{[%clk 0:46:41]} Nxe4 {[%clk 1:12:57]} 18. Bxe4 {[%clk 0:47:05]} d5
{[%clk 1:13:11]} 19. Bg2 {[%clk 0:38:01]} d4 {[%clk 0:48:00]} 20. Bd2
{[%clk 0:36:16]} Qb6 {[%clk 0:46:01]} 21. Qb3 {[%clk 0:33:49]} Kh7
{[%clk 0:42:41]} 22. a4 {[%clk 0:32:20]} Rab8 {[%clk 0:35:58]} 23. a5
{[%clk 0:26:55]} Qd6 {[%clk 0:35:16]} 24. f4 {[%clk 0:26:35]} Nf5
{[%clk 0:28:53]} 25. Rad1 {[%clk 0:21:26]} b6 {[%clk 0:27:03]} 26. g4
{[%clk 0:17:53]} Nh4 {[%clk 0:24:39]} 27. Be4 {[%clk 0:15:39]} bxa5
{[%clk 0:20:00]} 28. Qh3 {[%clk 0:13:50]} Qe7 {[%clk 0:18:50]} 29. Be1
{[%clk 0:06:17]} Bf6 {[%clk 0:10:20]} 30. fxe5 {[%clk 0:05:01]} Bg5
{[%clk 0:10:43]} 31. Rxf8 {[%clk 0:02:27]} Rxf8 {[%clk 0:11:10]} 32. Rxd4
{[%clk 0:02:43]} Rd8 {[%clk 0:11:14]} 33. Qd3 {[%clk 0:01:33]} Rxd4
{[%clk 0:04:19]} 34. Qxd4 {[%clk 0:01:57]} Qxe6 {[%clk 0:03:55]} 35. Qxa7+
{[%clk 0:01:48]} Kh8 {[%clk 0:03:48]} 36. Qa8+ {[%clk 0:01:38]} Kh7
{[%clk 0:03:38]} 37. Bd5 {[%clk 0:00:53]} Qxg4+ {[%clk 0:03:24]} 38. Kf1
{[%clk 0:01:22]} Qf4+ {[%clk 0:03:16]} 39. Ke2 {[%clk 0:01:44]} Qe3+
{[%clk 0:02:59]} 40. Kd1 {[%clk 0:01:51]} Qd3+ {[%clk 0:03:03]} 41. Ke2 0-1

[Event "39 Open Internacional de San Sebastian"]
[Site "Donostia - San Sebastian"]
[Date "2016.03.20"]
[Round "3"]
[Board "8"]
[White "VALDES ROMERO, Leonardo"]
[Black "BUIZA PRIETO, Eihartze"]
[Result "1-0"]
[WhiteElo "2375"]
[BlackElo "2110"]
[PlyCount "0"]
[EventDate "2016.03.19"]
[EventRounds "9"]
[EventCountry "ESP"]

1. Nf3 c5 2. g3 g6 3. c4 Bg7 4. Bg2 Nf6 5. Nc3 O-O 6. O-O d5 7. cxd5 Nxd5 8. Nxd5
Qxd5 9. d3 Nc6 10. Be3 Qd6 11. Rc1 Bxb2 12. Bxc5 Qd8 13. Rb1 Bg7 14. Qa4 Nb8 15.
Qa3 Re8 16. Rfc1 Na6 17. Be3 e5 18. Nd2 Rb8 19. Bxa7 Ra8 20. Bb6 Qe7 21. Qxe7
Rxe7 22. Be3 Rb8 23. Rxc8+ Rxc8 24. Bxb7 Rxb7 25. Rxb7 h5 26. Nc4 Nc5 27. Rxf7
 1-0

[Event "39 Open Internacional de San Sebastian"]
[Site "Donostia - San Sebastian"]
[Date "2016.03.20"]
[Round "3"]
[Board "9"]
[White "RODRIGUEZ IZQUIERDO, Luis"]
[Black "POGORELOV, Ruslan"]
[Result "0-1"]
[WhiteElo "1943"]
[BlackElo "2347"]
[PlyCount "0"]
[EventDate "2016.03.19"]
[EventRounds "9"]
[EventCountry "ESP"]

1. e4 c5 2. Nf3 e6 3. d4 cxd4 4. Nxd4 a6 5. Nc3 Qc7 6. g3 b5 7. Bg2 Bb7 8. O-O d6
9. Re1 Nd7 10. a4 bxa4 11. Rxa4 Be7 12. Qh5 g6 13. Qe2 Nb6 14. Rb4 Rc8 15. Ncb5
Qc5 16. c3 axb5 17. Be3 Nc4 18. Nxe6 Qc6 19. Nf4 Nxe3 20. Qxe3 Qc5 21. Qe2 Kf8
22. Rxb5 Qc7 23. e5 Bxg2 24. Nxg2 dxe5 25. Rxe5 Bf6 26. Re4 Kg7 27. Nf4 Qb7 28.
Qg4 h5 29. Qe2 Nh6 30. Rb4 Qc6 31. Re4 Nf5 32. Nd3 Nd6 33. Re3 Rhe8 34. Nb4 Qc5
35. Rxe8 Rxe8 36. Qd1 Rxe1+ 37. Qxe1 h4 38. Nd3 Qf5 39. Qf1 Ne4 40. gxh4 Nd2 41.
Qe2 Nf3+ 42. Kh1 Qg4 43. Qf1 Qe4 44. Kg2 Ne1+ 45. Kg1 Nxd3 46. Qe2 0-1

[Event "39 Open Internacional de San Sebastian"]
[Site "Donostia - San Sebastian"]
[Date "2016.03.20"]
[Round "3"]
[Board "12"]
[White "AROCENA URIA, Jaime"]
[Black "GARCIA MARTINEZ, Marcos"]
[Result "1/2-1/2"]
[WhiteElo "1820"]
[BlackElo "2150"]
[PlyCount "0"]
[EventDate "2016.03.19"]
[EventRounds "9"]
[EventCountry "ESP"]

1. e4 {[%clk 1:30:58]} e6 {[%clk 1:30:54]} 2. d4 {[%clk 1:31:20]} d5
{[%clk 1:31:19]} 3. Nc3 {[%clk 1:31:44]} Nf6 {[%clk 1:31:43]} 4. Bg5
{[%clk 1:32:06]} Bb4 {[%clk 1:32:06]} 5. e5 {[%clk 1:32:16]} h6 {[%clk 1:32:29]}
6. exf6 {[%clk 1:29:03]} hxg5 {[%clk 1:32:51]} 7. fxg7 {[%clk 1:29:19]} Rg8
{[%clk 1:33:14]} 8. Nge2 {[%clk 1:22:32]} Qf6 {[%clk 1:29:25]} 9. Qd3
{[%clk 1:22:13]} Bd7 {[%clk 1:25:39]} 10. a3 {[%clk 1:19:20]} Ba5
{[%clk 1:20:50]} 11. O-O-O {[%clk 1:18:37]} Nc6 {[%clk 1:19:02]} 12. Na4
{[%clk 1:17:24]} Bb6 {[%clk 1:17:35]} 13. Nxb6 {[%clk 1:17:14]} axb6
{[%clk 1:17:44]} 14. Qg3 {[%clk 1:16:56]} O-O-O {[%clk 1:02:14]} 15. Kb1
{[%clk 1:13:10]} Qxg7 {[%clk 1:00:06]} 16. c3 {[%clk 1:10:20]} Qg6+
{[%clk 0:52:19]} 17. Qd3 {[%clk 1:10:36]} Qf6 {[%clk 0:52:42]} 18. f3
{[%clk 1:09:47]} e5 {[%clk 0:52:10]} 19. Ng3 {[%clk 1:09:58]} g4 {[%clk 0:50:49]}
20. Be2 {[%clk 1:08:12]} gxf3 {[%clk 0:48:49]} 21. Qxf3 {[%clk 1:05:19]} Qg6+
{[%clk 0:48:23]} 22. Ka1 {[%clk 1:03:01]} e4 {[%clk 0:47:44]} 23. Qf4
{[%clk 1:03:08]} Be6 {[%clk 0:26:40]} 24. Rdf1 {[%clk 1:01:04]} Rdf8
{[%clk 0:23:05]} 25. Rf2 {[%clk 1:00:22]} f5 {[%clk 0:22:10]} 26. Nf1
{[%clk 0:59:39]} Qg7 {[%clk 0:17:36]} 27. Ne3 {[%clk 0:59:21]} Ne7
{[%clk 0:17:53]} 28. c4 {[%clk 0:46:40]} Ng6 {[%clk 0:15:02]} 29. Qg5
{[%clk 0:46:25]} Qxd4 {[%clk 0:13:49]} 30. Rd1 {[%clk 0:46:44]} Qc5
{[%clk 0:12:42]} 31. cxd5 {[%clk 0:45:57]} Bd7 {[%clk 0:11:29]} 32. d6
{[%clk 0:38:58]} Ne5 {[%clk 0:06:12]} 33. Qf4 {[%clk 0:38:52]} c6
{[%clk 0:06:04]} 34. g4 {[%clk 0:37:33]} Ng6 {[%clk 0:04:50]} 35. Qg5
{[%clk 0:37:48]} f4 {[%clk 0:04:07]} 36. Qxc5 {[%clk 0:38:01]} bxc5
{[%clk 0:03:59]} 37. Nc4 {[%clk 0:37:37]} f3 {[%clk 0:04:01]} 38. Nb6+
{[%clk 0:37:02]} Kd8 {[%clk 0:04:27]} 39. Bc4 {[%clk 0:37:17]} Rg7
{[%clk 0:02:02]} 40. Nxd7 {[%clk 0:37:07]} Kxd7 {[%clk 0:02:22]} 41. Re1
{[%clk 0:35:24]} Re8 {[%clk 0:02:34]} 42. h3 {[%clk 0:34:47]} Kxd6
{[%clk 0:01:07]} 43. Rxf3 {[%clk 0:34:55]} exf3 {[%clk 0:01:03]} 44. Rxe8
{[%clk 0:35:09]} b5 {[%clk 0:00:39]} 45. Bd3 {[%clk 0:35:07]} Ne5
{[%clk 0:00:58]} 46. Bf1 {[%clk 0:34:57]} Kd5 {[%clk 0:01:19]} 47. Kb1
{[%clk 0:33:39]} Ke4 {[%clk 0:01:38]} 48. Kc2 {[%clk 0:33:50]} Rd7
{[%clk 0:00:52]} 49. g5 {[%clk 0:33:25]} Kf4 {[%clk 0:01:05]} 50. h4
{[%clk 0:33:37]} Rh7 {[%clk 0:01:00]} 51. g6 {[%clk 0:33:23]} Nxg6
{[%clk 0:00:56]} 52. Bd3 {[%clk 0:33:21]} Rxh4 {[%clk 0:00:33]} 53. Bxg6
{[%clk 0:33:34]} Rh2+ {[%clk 0:01:00]} 54. Kc3 {[%clk 0:33:36]} b4+
{[%clk 0:00:39]} 55. Kb3 {[%clk 0:33:32]} Re2 {[%clk 0:00:50]} 56. Rf8+
{[%clk 0:33:28]} Kg3 {[%clk 0:00:44]} 57. Bd3 {[%clk 0:33:33]} Rd2
{[%clk 0:00:51]} 58. Kc4 {[%clk 0:33:02]} Rxb2 {[%clk 0:01:12]} 59. axb4
{[%clk 0:32:56]} cxb4 {[%clk 0:01:10]} 60. Rf6 {[%clk 0:31:47]} f2
{[%clk 0:00:45]} 61. Rxc6 {[%clk 0:32:05]} Rc2+ {[%clk 0:00:59]} 62. Bxc2
{[%clk 0:31:39]} f1=Q+ {[%clk 0:01:22]} 63. Kxb4 {[%clk 0:31:55]} Qe1+
{[%clk 0:01:38]} 64. Kb5 {[%clk 0:32:00]} Qe2+ {[%clk 0:01:21]} 65. Rc4
{[%clk 0:31:59]} Kf3 {[%clk 0:01:21]} 66. Be4+ {[%clk 0:31:45]} Ke3
{[%clk 0:01:29]} 67. Bc2 {[%clk 0:31:23]} Qh5+ {[%clk 0:01:15]} 68. Kb4
{[%clk 0:31:24]} Kd2 {[%clk 0:00:51]} 69. Be4 {[%clk 0:26:28]} Qe5
{[%clk 0:00:53]} 70. Rc2+ {[%clk 0:26:27]} Ke3 {[%clk 0:00:43]} 71. Rc4
{[%clk 0:26:33]} Qxe4 {[%clk 0:00:59]} 1/2-1/2

[Event "39 Open Internacional de San Sebastian"]
[Site "Donostia - San Sebastian"]
[Date "2016.03.21"]
[Round "4"]
[Board "10"]
[White "JORDANA VARGAS, Julio"]
[Black "NAVA PEREDA, Carlos"]
[Result "1/2-1/2"]
[WhiteElo "1983"]
[BlackElo "2268"]
[PlyCount "0"]
[EventDate "2016.03.19"]
[EventRounds "9"]
[EventCountry "ESP"]

1. Nf3 {[%clk 1:30:56]} Nf6 {[%clk 1:29:55]} 2. d4 {[%clk 1:31:11]} e6
{[%clk 1:29:54]} 3. g3 {[%clk 1:31:23]} b5 {[%clk 1:23:36]} 4. Bg2
{[%clk 1:31:20]} Bb7 {[%clk 1:24:00]} 5. O-O {[%clk 1:31:09]} d5 {[%clk 1:19:49]}
6. a4 {[%clk 1:24:53]} b4 {[%clk 1:18:37]} 7. Nbd2 {[%clk 1:22:16]} c5
{[%clk 1:15:03]} 8. c3 {[%clk 1:21:17]} a5 {[%clk 1:14:54]} 9. Ne5
{[%clk 1:18:52]} cxd4 {[%clk 1:12:37]} 10. cxd4 {[%clk 1:18:37]} Bd6
{[%clk 1:08:10]} 11. Ndf3 {[%clk 1:17:49]} h6 {[%clk 1:08:32]} 12. Bf4
{[%clk 1:16:01]} O-O {[%clk 1:06:29]} 13. Rc1 {[%clk 1:15:07]} Qb6
{[%clk 1:01:00]} 14. Nd3 {[%clk 1:12:46]} Bxf4 {[%clk 0:58:25]} 15. gxf4
{[%clk 1:09:45]} Nbd7 {[%clk 0:41:04]} 16. e3 {[%clk 1:04:39]} Ba6
{[%clk 0:40:53]} 17. Re1 {[%clk 1:02:49]} Rfc8 {[%clk 0:37:08]} 18. Nfe5
{[%clk 1:01:55]} Rxc1 {[%clk 0:32:09]} 19. Qxc1 {[%clk 0:59:16]} Rc8
{[%clk 0:32:31]} 20. Qd2 {[%clk 0:56:19]} Nxe5 {[%clk 0:28:52]} 21. fxe5
{[%clk 0:53:50]} Nd7 {[%clk 0:27:55]} 22. Rc1 {[%clk 0:53:06]} Rxc1+
{[%clk 0:24:47]} 23. Nxc1 {[%clk 0:53:06]} Qc6 {[%clk 0:24:08]} 24. b3
{[%clk 0:48:58]} Kf8 {[%clk 0:24:04]} 25. Bf1 {[%clk 0:48:50]} Bxf1
{[%clk 0:22:31]} 26. Kxf1 {[%clk 0:49:10]} f6 {[%clk 0:19:14]} 27. f4
{[%clk 0:47:46]} f5 {[%clk 0:17:31]} 1/2-1/2

[Event "39 Open Internacional de San Sebastian"]
[Site "Donostia - San Sebastian"]
[Date "2016.03.23"]
[Round "6"]
[Board "5"]
[White "SKOMOROKHIN, Roman"]
[Black "AOUT, Sebastien"]
[Result "1/2-1/2"]
[WhiteElo "2410"]
[BlackElo "2258"]
[PlyCount "0"]
[EventDate "2016.03.19"]
[EventRounds "9"]
[EventCountry "ESP"]

1. d4 {[%clk 1:30:53]} d5 {[%clk 1:30:54]} 2. Nf3 {[%clk 1:30:14]} Nf6
{[%clk 1:30:45]} 3. c4 {[%clk 1:30:25]} dxc4 {[%clk 1:30:24]} 4. e3
{[%clk 1:30:39]} a6 {[%clk 1:30:42]} 5. Bxc4 {[%clk 1:30:53]} e6 {[%clk 1:31:04]}
6. O-O {[%clk 1:31:11]} c5 {[%clk 1:31:26]} 7. dxc5 {[%clk 1:31:18]} Bxc5
{[%clk 1:31:48]} 8. Qxd8+ {[%clk 1:31:24]} Kxd8 {[%clk 1:32:10]} 9. Nbd2
{[%clk 1:31:46]} b5 {[%clk 1:29:57]} 10. Be2 {[%clk 1:32:01]} Bb7
{[%clk 1:30:07]} 11. a4 {[%clk 1:29:27]} bxa4 {[%clk 1:25:38]} 12. Ne5
{[%clk 1:28:11]} Ke7 {[%clk 1:25:37]} 13. Nd3 {[%clk 1:27:48]} Nbd7
{[%clk 1:19:58]} 14. Rxa4 {[%clk 1:27:01]} Rhb8 {[%clk 1:09:40]} 15. Nxc5
{[%clk 1:17:48]} Nxc5 {[%clk 1:09:53]} 16. Ra5 {[%clk 1:17:56]} Nfe4
{[%clk 0:56:52]} 17. Nxe4 {[%clk 1:03:50]} Nxe4 {[%clk 0:57:15]} 18. f3
{[%clk 1:04:08]} Nd6 {[%clk 0:56:44]} 19. e4 {[%clk 1:00:00]} f6 {[%clk 0:54:50]}
20. Rd1 {[%clk 0:54:05]} Bc8 {[%clk 0:44:30]} 21. Bf1 {[%clk 0:43:21]} Nb5
{[%clk 0:36:54]} 22. Be3 {[%clk 0:41:33]} e5 {[%clk 0:29:39]} 23. Bc5+
{[%clk 0:36:21]} Ke8 {[%clk 0:29:40]} 24. b4 {[%clk 0:31:04]} Bb7
{[%clk 0:25:54]} 25. Bxb5+ {[%clk 0:11:57]} axb5 {[%clk 0:26:18]} 26. Rxb5
{[%clk 0:12:15]} Ba6 {[%clk 0:20:11]} 27. Ra5 {[%clk 0:10:20]} Bc4
{[%clk 0:19:52]} 28. Rda1 {[%clk 0:09:33]} Rxa5 {[%clk 0:20:14]} 29. Rxa5
{[%clk 0:09:19]} Rb7 {[%clk 0:19:25]} 30. h4 {[%clk 0:09:20]} h5 {[%clk 0:19:48]}
31. g3 {[%clk 0:04:41]} Kf7 {[%clk 0:19:38]} 32. Kg2 {[%clk 0:04:47]} Bd3
{[%clk 0:19:17]} 33. Kf2 {[%clk 0:04:53]} Bc4 {[%clk 0:19:20]} 34. f4
{[%clk 0:04:15]} Ke6 {[%clk 0:15:39]} 35. Kf3 {[%clk 0:04:04]} g6
{[%clk 0:16:00]} 36. fxe5 {[%clk 0:01:53]} fxe5 {[%clk 0:14:56]} 37. Ke3
{[%clk 0:01:37]} Bb5 {[%clk 0:14:02]} 38. Kd2 {[%clk 0:01:05]} Rd7+
{[%clk 0:13:38]} 39. Kc3 {[%clk 0:01:10]} Bd3 {[%clk 0:12:32]} 40. Kd4 Kd5+
 1/2-1/2